Pokémon - Les attaques de Onix - Statistiques

Statistiques générales
  • Ce quiz a été pris 21 fois
  • Le résultat moyen est 10 sur 18
Statistiques - réponses
Niveaux Types Noms des attaques % Correct
Départ Normal Charge
100%
Niveau 20 Roche Éboulement
81%
Niveau 48 Acier Queue de Fer
81%
Départ Normal Étreinte
69%
Départ Roche Jet-Pierres
63%
Niveau 8 Roche Poliroche
63%
Niveau 44 Sol Tunnel
63%
Départ Normal Armure
56%
Niveau 56 Normal Damoclès
56%
Niveau 52 Roche Lame de Roc
56%
Niveau 12 Dragon Draco-Souffle
50%
Niveau 24 Normal Grincement
50%
Niveau 32 Roche Piège de Roc
50%
Niveau 36 Normal Souplesse
44%
Niveau 40 Roche Tempête de Sable
44%
Niveau 4 Roche Anti-Air
38%
Niveau 16 Spectre Malédiction
38%
Niveau 28 Sol Tourbi-Sable
19%
Aucun quiz correspondant
Distribution des résultats
% des personnes avec chaque résultat
Percentile par nombre de réponses
Votre historique - résultats
Vous n’avez pas pris ce quiz